00969cam a2200277 a 450000100100000000500170001000800410002702000150006804000250008304100380010808200180014610000380016424000270020224500700022926000490029930000210034849000260036953400350039565000220043065000260045270000320047883000330051004900090054395201220055299900170067400002451620200930023220.0850726s1993 sp 000 | spa d a8440633408 aDO-SdBNPbspacBNPHU17aenghspa2Código de idioma MARC a891.73bC957p1 aCruz Smith, Martin,d1942-95023710aRed square.lEspañol13aLa Plaza Roja /cMartin Cruz Smith ; traducción Camila Batlles. aBarcelona, (España) :bEdiciones B,c1993. a453 p. ;c24 cm.1 aÉxito Internacional aTítulo original:tRed square 4aNovela rusa94742 4aLiteratura rusa947431 aBatlles, Camilaetr.944604 0aÉxito Internacional950238 aBNGR 001054708MOaGRbGRcCTd2011-01-28iLF1l0o891.73 C957pp24516-10r2020-06-25w2020-06-25y4ZPréstamo en sala c24009d24009